How to study in college (Record no. 1393556)

MARC details
000 -LEADER
fixed length control field 00587nam a2200217Ia 4500
005 - DATE AND TIME OF LATEST TRANSACTION
control field 20250508165153.0
008 - FIXED-LENGTH DATA ELEMENTS--GENERAL INFORMATION
fixed length control field 008 250505s9999 xx 000 0 eng d
020 ## - INTERNATIONAL STANDARD BOOK NUMBER
International Standard Book Number 0-395-34250-3
037 ## - SOURCE OF ACQUISITION
Stock number Textual
040 ## - CATALOGING SOURCE
Original cataloging agency FEDL
Language of cataloging eng
Transcribing agency FEDL
041 ## - LANGUAGE CODE
Language code of text/sound track or separate title eng
Source of code eng
084 ## - COLON CLASSIFICATION NUMBER
Classification number 371.302 812, PAU
Assigning agency FEDL
100 ## - MAIN ENTRY--PERSONAL NAME
Personal name Pauk Walter
9 (RLIN) 767968
245 #0 - TITLE STATEMENT
Title How to study in college
250 ## - EDITION STATEMENT
Edition statement 3
260 ## - PUBLICATION, DISTRIBUTION, ETC.
Place of publication, distribution, etc. Boston, USA
Name of publisher, distributor, etc. Houghton Mifflin Company
Date of publication, distribution, etc. 1984
300 ## - PHYSICAL DESCRIPTION
Extent xxi,410p.
546 ## - LANGUAGE NOTE
Language note RSPEE
942 ## - ADDED ENTRY ELEMENTS (KOHA)
Koha item type Textual
Classification part 371.302 812, PAU
Holdings
Withdrawn status Lost status Damaged status Not for loan Home library Current library Date acquired Total Checkouts Full call number Barcode Date last seen Price effective from Koha item type
        Department of Education Library Department of Education Library 2025-05-08   371.302 812, PAU EL0087195 2025-05-08 2025-05-08 Textual
Copyright @ Delhi University Library System